Statistics for NBA 1994 Playoffs Starters

Click here to take the quiz!

General Stats

  • This quiz has been taken 267 times
  • The average score is 46 of 80

Answer Stats

TeamPlayer% Correct
MagicShaquille O'Neal
98%
RocketsHakeem Olajuwon
97%
JazzJohn Stockton
97%
JazzKarl Malone
97%
PacersReggie Miller
96%
BullsScottie Pippen
96%
Trail BlazersClifford Robinson
94%
SpursDavid Robinson
94%
SuperSonicsGary Payton
94%
KnicksPatrick Ewing
94%
MagicPenny Hardaway
93%
SunsCharles Barkley
92%
SunsKevin Johnson
92%
SuperSonicsShawn Kemp
92%
Trail BlazersClyde Drexler
91%
WarriorsChris Mullin
88%
CavaliersGerald Wilkins
88%
BullsHorace Grant
88%
KnicksCharles Smith
87%
NuggetsDikembe Mutombo
87%
RocketsKenny Smith
87%
HeatSteve Smith
87%
CavaliersMark Price
85%
BullsB.J. Armstrong
81%
KnicksCharles Oakley
81%
BullsBill Cartwright
78%
KnicksJohn Starks
78%
KnicksDerek Harper
76%
NetsKenny Anderson
74%
MagicNick Anderson
74%
SpursWillie Anderson
74%
Trail BlazersBuck Williams
72%
JazzJeff Hornacek
72%
NuggetsReggie Williams
72%
PacersRik Smits
72%
SuperSonicsDetlef Schrempf
70%
SpursDennis Rodman
67%
PacersDale Davis
65%
RocketsRobert Horry
65%
SunsDan Majerle
63%
MagicDennis Scott
60%
NetsDerrick Coleman
58%
RocketsOtis Thorpe
58%
RocketsVernon Maxwell
57%
HawksMookie Blaylock
55%
HawksKevin Willis
54%
WarriorsChris Webber
53%
HeatGlen Rice
51%
WarriorsLatrell Sprewell
48%
NuggetsMahmoud Abdul-Rauf
45%
HeatRony Seikaly
45%
SunsMark West
43%
CavaliersTyrone Hill
41%
SpursDale Ellis
38%
NuggetsLaPhonso Ellis
38%
Trail BlazersRod Strickland
34%
HawksStacey Augmon
31%
SpursVinny Del Negro
30%
SunsCedric Ceballos
28%
HawksJon Koncak
27%
PacersDerrick McKey
26%
SuperSonicsKendall Gill
24%
HawksDanny Manning
22%
NuggetsBryant Stith
20%
WarriorsByron Houston
19%
NetsChris Morris
19%
CavaliersBobby Phills
18%
SuperSonicsMichael Cage
18%
NetsBenoit Benjamin
17%
NetsKevin Edwards
17%
BullsPete Myers
17%
WarriorsBilly Owens
16%
HeatBrian Shaw
16%
JazzFelton Spencer
16%
JazzTyrone Corbin
15%
PacersHaywoode Workman
13%
Trail BlazersChris Dudley
10%
HeatJohn Salley
9%
MagicLarry Krystkowiak
6%
CavaliersRod Higgins
6%

Score Distribution

Percentile by Number Answered

Percent of People with Each Score

Your Score History

You have not taken this quiz